000 00640nam a22002057a 4500
999 _c5892
_d5892
003 AR-CdUCM
008 190313b ||||| |||| 00| 0 spa d
040 _aMUNICIPALIDAD PROVINCIAL DEL CUSCO
_cBIBLIOTECA MUNICIPAL DEL CUSCO
082 _a869.26 /
_bB45
100 _aBerdiales, Germán
_917367
245 _aPequeño teatro americano /
260 _aBuenos Aires :
_bLibreria Hachette,
_c1958.
300 _a211 páginas ;
_c20 cm.
440 _aColección juvenil Hachette.
_917368
650 _aTeatro argentino
_915936
650 _aSiglo XX
_98
650 _aTeatro infantil argentino
_917369
942 _2ddc
_cLIBROS
945 _azta